000 00216 a2200097 4500
001 13507
100 _aFernandez F
245 _aFerdinand Isabella
260 _aLondon
_bWeidenfeld Nicolson
_c
090 _c10511
_d10511
942 _aNUST-CAE
_cM
_c572
999 _c248580
_d248580